Urbanismo y Derecho de Propiedad en Estados Unidos
সংরক্ষণ করুন:
| প্রধান লেখক: | |
|---|---|
| বিন্যাস: | গ্রন্থ |
| ভাষা: | স্প্যানিশ |
| প্রকাশিত: |
Madrid
Iustel
2013
|
| সংস্করন: | 1a. ed |
| বিষয়গুলি: | |
| ট্যাগগুলো: |
ট্যাগ যুক্ত করুন
কোনো ট্যাগ নেই, প্রথমজন হিসাবে ট্যাগ করুন!
|
MARC
| LEADER | 00000cam a2200000 a 4500 | ||
|---|---|---|---|
| 001 | UCE2606 | ||
| 003 | CL-VaPUC | ||
| 008 | 140717e20130000sp |||||||||||||||||spa|d | ||
| 020 | |a 9788498902402 | ||
| 082 | 0 | 4 | |a 346.73045 |b LOR |2 21 |
| 100 | |a Lora-Tamayo Vallvé, Marta |e autora |9 575106 | ||
| 245 | 1 | 0 | |a Urbanismo y Derecho de Propiedad en Estados Unidos |
| 250 | |a 1a. ed | ||
| 300 | |a 326 p | ||
| 942 | |c BK | ||
| 945 | |d 20140717 11:12:00 |a dcastane | ||
| 260 | |a Madrid |b Iustel |c 2013 | ||
| 650 | 0 | |a Derecho urbanístico |9 532274 | |
| 650 | 0 | |a Derecho de propiedad |9 256450 | |
| 651 | 7 | |a ESTADOS UNIDOS DE AMERICA |2 CL-VaPUC |9 505454 | |
| 583 | |a last modification |c 20170620 01:03:04 |k Rodrigo Vera | ||
| 999 | |c 356187 |d 356185 | ||
| 952 | |0 0 |1 0 |3 erb |4 0 |6 346_730450000000000_LOR_2013 |7 0 |8 A |9 463364 |a BIBDER |b BIBDER |i 5089786 |l 2 |m 2 |o 346.73045 LOR 2013 |p 5089786 |r 2022-08-25 |s 2022-08-25 |w 2019-11-23 |y BK |z Catalogado en:20140717 |k DER | ||